| 000 | 00286nam a22000977a 4500 | ||
|---|---|---|---|
| 999 |
_c23807 _d23807 |
||
| 003 | NUST | ||
| 005 | 20170529125613.0 | ||
| 008 | 140127b xxu||||| |||| 00| 0 eng d | ||
| 020 |
_a975-7388-46-7 _cAvailable |
||
| 040 |
_aDLC _bDLC _cRCMS |
||
| 050 | _a297 GUL | ||
| 082 |
_a297 GUL _b973 |
||
| 245 |
_aProphet Muhmmad as Military and Commander _cGulen |
||
| 260 |
_aTurkey _bPAF Book Club _c1998 |
||
| 538 | _iShelf # 13, Row # 2, Fiction. Shelf # 13, Row # 4, Fiction. | ||
| 856 | _3Table of Contents Only. | ||
| 942 |
_2ddc _cBK _h297 GUL |
||